A regionális agyi vérátfolyás vizsgálata SPECT-tel (Gondolatok egy új eljárás bevezetéséhez) /

Elmentve itt :
Bibliográfiai részletek
Szerzők: Pávics László
Kuba Attila
Csernay László
Dokumentumtípus: Cikk
Megjelent: 1989
Sorozat:MAGYAR RADIOLÓGIA 63
Tárgyszavak:
mtmt:2424045
Online Access:http://publicatio.bibl.u-szeged.hu/32774
LEADER 00751nab a2200217 i 4500
001 publ32774
005 20250416114406.0
008 250416s1989 hu o 000 hun d
022 |a 0025-0287 
024 7 |a 2424045  |2 mtmt 
040 |a SZTE Publicatio Repozitórium  |b hun 
041 |a hun 
100 1 |a Pávics László 
245 1 2 |a A regionális agyi vérátfolyás vizsgálata SPECT-tel   |h [elektronikus dokumentum] :  |b (Gondolatok egy új eljárás bevezetéséhez) /  |c  Pávics László 
260 |c 1989 
300 |a 310-318 
490 0 |a MAGYAR RADIOLÓGIA  |v 63 
650 4 |a Klinikai orvostan 
700 0 1 |a Kuba Attila  |e aut 
700 0 1 |a Csernay László  |e aut 
856 4 0 |u http://publicatio.bibl.u-szeged.hu/32774/1/aok_klny_513_89.pdf  |z Dokumentum-elérés